Statistiques concernant Top 10 des meilleurs passeurs de la coupe du monde 2022.

Cliquez ici pour prendre le quiz!

Statistiques générales

  • Ce quiz a été pris 23 fois
  • Le résultat moyen est 2 sur 10

Statistiques - réponses

HintRéponse% Correct
2Messi
85%
4Antoine Griezmann
40%
1Harry Kane
40%
5Bruno Fernandes
10%
10Jordi Alba
10%
8Vinicius Junior
10%
3Ivan Perisic
5%
9Mislav Orsic
5%
7Phil Foden
5%
6Serge Gnabry
5%

Distribution des résultats

Percentile par nombre de réponses

% des personnes avec chaque résultat

Votre développement - résultats

Vous n’avez pas pris ce quiz